000 02054cam a2200373 a 4500
001 15972875
003 OSt
005 20150408114009.0
008 091104s2010 maua b 001 0 eng
010 _a 2009044011
015 _aGBB011874
_2bnb
016 7 _a015478833
_2Uk
020 _a9780674050754 (cloth : alk. paper)
020 _a9780674060715
020 _a0674050754 (cloth : alk. paper)
035 _a(OCoLC)ocn456170067
040 _aDLC
_cDLC
_dBTCTA
_dYDXCP
_dUKM
_dC#P
_dBWX
_dCDX
_dLGG
_dGEBAY
_dDLC
050 0 0 _aQP623
_b.Y367 2010
060 4 _aQU 58.7
_bY29L 2010
082 0 0 _a572.88
_222
100 1 _aYarus, Michael,
_d1940-
_99819
245 1 0 _aLife from an RNA world :
_bthe ancestor within /
_cMichael Yarus.
260 _aCambridge, Mass. :
_bHarvard University Press,
_c2010.
300 _ax, 198 p. :
_bill. ;
_c22 cm.
504 _aIncludes bibliographical references and index.
505 0 _aBefore we begin : a voluntary chapter -- Framing the problem : the buffalo and the bacterium -- The big tree : no jackalopes please -- A dance of atoms -- Allegro agitato : the origin of life -- The winds that blow through the starry ways -- Tornados in a junkyard -- Between genomes and creatures -- A thumbnail molecular biology -- RNA structure : a tape with a shape -- Intimations of an RNA world -- The experimentally impaired sciences -- Test tube RNA evolution : first light -- Selection amplification : interrogating RNA's possibilities -- RNA duplication : replicase activity in real RNAs -- RNA capabilities and the origins of translation -- The quest for the peptidyl transferase -- A language much older than hieroglyphics : the genetic code -- Assume a spherical cow : the ribocyte -- The future of the RNA world.
650 1 2 _aRNA.
_99820
650 2 2 _aEvolution, Molecular.
_99821
650 2 2 _aMolecular Biology.
_96621
650 0 _aRNA.
_99822
650 0 _aMolecular biology.
_96621
942 _2ddc
_cBOOK
999 _c20950
_d255450